Vista normal Vista MARC

Entrada Topical Term

Número de registros utilizados en: 1

001 - CONTROL NUMBER

  • control field: 41605

003 - CONTROL NUMBER IDENTIFIER

  • control field: OSt

005 - DATE AND TIME OF LATEST TRANSACTION

  • control field: 20211118144547.0

008 - FIXED-LENGTH DATA ELEMENTS

  • fixed length control field: 211118|| aca||aabn | a|a d

040 ## - CATALOGING SOURCE

  • Original cataloging agency: OSt
  • Transcribing agency: OSt

150 ## - HEADING--TOPICAL TERM

  • Topical term or geographic name entry element: Sociedades de ahorro y préstamo
  • General subdivision: Nacionalización
  • Chronological subdivision: 1982
  • Geographic subdivision: Colombia

670 ## - SOURCE DATA FOUND

  • Source citation: Work cat.: (OSt)8803: Vidal Perdomo, Jaime, 18332 autor, Nacionalizaciones y emergencia económica / , 1984